Purple Hearts - Statistics

General Stats
  • This quiz has been taken 52 times
  • The average score is 6 of 12
Answer Stats
Hint Answer % Correct
Main character Cassie Salazar
93%
Person from the Marines she marries Luke Morrow
93%
Who plays main character Sofia Carson
80%
Her childhood friend who is in the army Frankie
76%
What the main character is diagnosed with Diabetes
66%
Award that the Marine wins Purple Heart
56%
Name of the Marine's brother Jacob Morrow Jr
46%
Band main character is in The Loyal
29%
Who plays the Marine Nicholas Galitzine
27%
Name of Marine's old drug dealer Johnno
20%
Name of above's wife Hailey
17%
Why they marry Army benefits
2%
No matching quizzes found
Score Distribution
Percent of People with Each Score
Percentile by Number Answered
Your Score History
You have not taken this quiz